| 000 | 00715nam a2200205 i 4500 | ||
|---|---|---|---|
| 001 | 65109 | ||
| 003 | ES-MaACL | ||
| 007 | t| | ||
| 008 | 040108s1958 sp ||||1| spa d | ||
| 100 | 1 |
_aFraigneux, Maurice. _952097 |
|
| 245 | 1 | 0 |
_aPío XII frente al mundo actual / _cMaurice Fraigneux ; [traducción del francés por A.A. de Linera ; prólogo Andrés-Avelino Esteban Romero]. |
| 260 |
_aMadrid : _bAtenas, _c[1958] ( _fA.G. Benzal) |
||
| 300 |
_a199 p. ; _c22 cm. |
||
| 490 | 1 |
_aFrente a frente ; _v1 |
|
| 700 | 1 |
_aLinera, A. A. de. _972429 |
|
| 700 | 1 |
_aEsteban Romero, Andrés-Avelino. _948072 |
|
| 830 | 0 |
_aFrente a frente ; _v1 _9182947 |
|
| 852 |
_aES-MaACL _jE-4724 _bR.42698 |
||
| 999 |
_c65109 _d65109 |
||